Sports Quiz

Random Sports or Basketball Quiz

NBA Team Names by Hint Quiz Stats

 Plays Quiz not verified by Sporcle

Challenge
Share
Tweet
Embed
Score 0/30 Timer 07:00
0 Plays Today
Hint Team's Location % Correct
Cowboys' boots' attachmentsSan Antonio
80.4%
Like Harry PotterWashington
77.8%
Lightning's roarOklahoma City
75.6%
These are cut after a college basketball championshipNew Jersey
73.3%
Mispronounced culture originating in IrelandBoston
72.5%
Minnesota has a thousand of these...ersLos Angeles
71.3%
You don't want to anger these insectsNew Orleans
70.3%
A famous fast food, Chicken Mc____Denver
68.9%
No relation to a Southern California NHL teamSacramento
64.6%
Large, ferocious, brown mammalsMemphis
63%
People living during the signing of the Declaration of IndependencePhiladelphia
62.6%
Heartrate regulator, minus 'make'Indiana
60.4%
Commonly used in hyrdraulic liftsDetroit
56%
Veloci____Toronto
55.2%
Related to mountain lions and cougarsCharlotte
54.9%
Hint Team's Location % Correct
The Washington team should be their possessorsOrlando
54.5%
Half of a minotaurChicago
54.5%
Flying snake-predatorsAtlanta
53.9%
Elton John's (this kind of) 'man'Houston
53.5%
Apollo is the god of thisPhoenix
52.9%
Everyone wants a million of theseMilwaukee
52.1%
Lumberjacks' shouts + Remus is an exampleMinnesota
50.7%
The French Quarter's prideUtah
48.5%
Also a AAA baseball team in Columbus, OhioLos Angeles
46.5%
Specific ____ capacityMiami
45.9%
John McCain is one of theseDallas
45.1%
Daniel Boone is a famous examplePortland
44%
The Huns are prime examples of these (literally)Golden State
40.6%
Little old ChevroletsCleveland
37%
A team of Santa ClausesNew York
36.8%

You're not logged in!

Compare scores with friends on all Sporcle quizzes.
OR
Log In

You Might Also Like...

Show Comments

Extras

Top Quizzes Today


Score Distribution

Your Account Isn't Verified!

In order to create a playlist on Sporcle, you need to verify the email address you used during registration. Go to your Sporcle Settings to finish the process.

Report this User

Report this user for behavior that violates our Community Guidelines.

Details: